Trường cán bộ quản lý giáo dục TP.HCM với việc bồi dưỡng cán bộ quản lý và giáo viên đáp ứng yêu cầu giáo dục trải nghiệm sáng tạo theo chương trình giáo dục phổ thông mới /
Na minha lista:
| Autor principal: | |
|---|---|
| Formato: | Artigo |
| Idioma: | Vietnamese |
| Assuntos: | |
| Tags: |
Adicionar Tag
Sem tags, seja o primeiro a adicionar uma tag!
|
| Thư viện lưu trữ: | Thư viện Trường Đại học Đà Lạt |
|---|
| LEADER | 00968nam a2200265 4500 | ||
|---|---|---|---|
| 001 | DLU180186948 | ||
| 005 | ##20180910 | ||
| 040 | # | # | |a DLU |b vie |
| 041 | # | # | |a vie |
| 044 | # | # | |a vn |
| 100 | # | # | |a Lê Bá Lộc. |
| 245 | # | # | |a Trường cán bộ quản lý giáo dục TP.HCM với việc bồi dưỡng cán bộ quản lý và giáo viên đáp ứng yêu cầu giáo dục trải nghiệm sáng tạo theo chương trình giáo dục phổ thông mới / |c Lê Bá Lộc. |
| 653 | # | # | |a Bồi dưỡng cán bộ |
| 653 | # | # | |a Cán bộ quản lý |
| 653 | # | # | |a Chương trình giáo dục phổ thông |
| 773 | # | # | |t Tạp chí dạy và học ngày nay |g Số 3, 2016, tr. 53-55 |
| 920 | # | # | |a Phòng Tạp chí -- Trung tâm Thông tin - Thư viện Trường Đại học Đà Lạt |
| 994 | # | # | |a DLU |
| 900 | # | # | |a True |
| 911 | # | # | |a Trần Thị Minh Hương |
| 925 | # | # | |a G |
| 926 | # | # | |a A |
| 927 | # | # | |a BB |
| 980 | # | # | |a Thư viện Trường Đại học Đà Lạt |